000 00948cam a22002777a 4500
003 CHAP
005 20220329140658.0
008 971013s r 00010 d
010 _a55903
011 _a56875
035 _a61028
040 _cCHAP
090 _aR-2210
100 0 0 _aScheffer, R. J.
_9102935
245 1 2 _aA phytotoxic glycopeptide produced by Ophiostoma ulmi in serveral elm species and clones
500 _aEncuadernado con otros impresos similares
500 _aSobretiro de: Proceedings of the Dutch Elm Disease Symposium and Workshop. Winnipeg. Manitoba, 1981. pp. 215-223
590 _aBATCH-UPD
_b10
_c20130110
_lUCH01
_h0639
590 _aBATCH-UPD
_b10
_c20130110
_lUCH01
_h2328
590 _aCONVERSION
_b10
_c20130109
_lUCH01
_h1330
650 1 4 _aEnfermedad holandesa del olmo.
_936930
650 1 4 _aOlmo
_xEnfermedades.
_983179
901 _aBK
942 _cREIMP
949 _aR-2210
_bBC
_cR
_d-131250
_eTS1
_i61028
_si
999 _c55903
_d55903